<?xml version="1.0" encoding="UTF-8"?><?xml-stylesheet type="text/xsl" href="static/style.xsl"?><OAI-PMH xmlns="http://www.openarchives.org/OAI/2.0/" xmlns:xsi="http://www.w3.org/2001/XMLSchema-instance" xsi:schemaLocation="http://www.openarchives.org/OAI/2.0/ http://www.openarchives.org/OAI/2.0/OAI-PMH.xsd"><responseDate>2026-04-17T11:28:05Z</responseDate><request verb="GetRecord" identifier="oai:www.recercat.cat:20.500.12328/3433" metadataPrefix="marc">https://recercat.cat/oai/request</request><GetRecord><record><header><identifier>oai:recercat.cat:20.500.12328/3433</identifier><datestamp>2025-05-16T12:55:36Z</datestamp><setSpec>com_2072_67741</setSpec><setSpec>col_2072_484352</setSpec></header><metadata><record xmlns="http://www.loc.gov/MARC21/slim" xmlns:dcterms="http://purl.org/dc/terms/" xmlns:xsi="http://www.w3.org/2001/XMLSchema-instance" xmlns:doc="http://www.lyncode.com/xoai" xsi:schemaLocation="http://www.loc.gov/MARC21/slim http://www.loc.gov/standards/marcxml/schema/MARC21slim.xsd">
   <leader>00925njm 22002777a 4500</leader>
   <datafield ind2=" " ind1=" " tag="042">
      <subfield code="a">dc</subfield>
   </datafield>
   <datafield ind2=" " ind1=" " tag="720">
      <subfield code="a">Grau, Santiago</subfield>
      <subfield code="e">author</subfield>
   </datafield>
   <datafield ind2=" " ind1=" " tag="720">
      <subfield code="a">Hernández Baeza, Sergi</subfield>
      <subfield code="e">author</subfield>
   </datafield>
   <datafield ind2=" " ind1=" " tag="720">
      <subfield code="a">Limón, Enric</subfield>
      <subfield code="e">author</subfield>
   </datafield>
   <datafield ind2=" " ind1=" " tag="720">
      <subfield code="a">Calbo, Esther</subfield>
      <subfield code="e">author</subfield>
   </datafield>
   <datafield ind2=" " ind1=" " tag="720">
      <subfield code="a">Horcajada, Juan P.</subfield>
      <subfield code="e">author</subfield>
   </datafield>
   <datafield ind2=" " ind1=" " tag="720">
      <subfield code="a">Catalan Infection Control and Antimicrobial Stewardship National Program (VINCat-PROA)</subfield>
      <subfield code="e">author</subfield>
   </datafield>
   <datafield ind2=" " ind1=" " tag="260">
      <subfield code="c">2022</subfield>
   </datafield>
   <datafield ind2=" " ind1=" " tag="520">
      <subfield code="a">Objectives: In 2019 the WHO fully adopted new DDD values. The objective of this study is to analyse their impact on the measurement of consumption of antibacterials in hospitals participating in the Catalan Infection Control and Antimicrobial Stewardship National Program (VINCat-PROA) in Catalonia (Spain) between 2008 and 2018. Methods: The anatomical therapeutic chemical/DDD system was used to monitor adult hospital antibacterial consumption expressed in DDD/100 bed-days. Consumption from 2008 to 2018 was calculated using both pre- and post-update DDD values. Differences were calculated as the percentage variation in DDD/100 bed-days and analysed with Student’s t-test. Simple linear regressions were performed to evaluate the trends in adult antimicrobial consumption over the study period. Results: The overall consumption according to post-update DDD values decreased by 12.2% (P &lt; 0.001) compared with the pre-update DDD values. Penicillins (−19.6.%; P &lt; 0.001) and carbapenems (−19.0%; P = 0.023) showed the greatest reduction, followed by cephalosporins (−7.7%; P = 0.021) and quinolone antibacterials (−7.7%; P = 0.017). ICU services showed the greatest overall reduction (−13.1%; P &lt; 0.001). From 2008 to 2018 there was a statistically significant decrease in consumption of penicillins and quinolone antibacterials and a statistically significant increase in cephalosporin and carbapenem consumption with both pre- and post-update DDD values. There were no variations in the ranking of consumption between the pre- and post-update DDD values. Conclusions: The WHO’s updates of DDDs have had a significant impact on the measurement of antibacterial consumption. In our region, they have corrected an overestimation of penicillin and carbapenem consumption amounting to 19%. It is essential to bear these findings in mind for an accurate assessment of temporal trends and benchmarking.</subfield>
   </datafield>
   <datafield ind1="8" ind2=" " tag="024">
      <subfield code="a">Grau, Santiago; Hernández Baeza, Sergi; Limón, Enric [et al.]. Impact of changes in the WHO’s 2019 update of DDDs on the measurement of adult hospital antibacterial consumption in Catalonia (Spain), 2008–18. JAC - Antimicrobial Resistance, 2022, 2(4), [p. 1-5]. Disponible en: &lt;https://academic.oup.com/jacamr/article/2/4/dlaa079/5925473>. Fecha de acceso: 4 oct. 2022. DOI: 10.1093/jacamr/dlaa079</subfield>
   </datafield>
   <datafield ind1="8" ind2=" " tag="024">
      <subfield code="a">2632-1823</subfield>
   </datafield>
   <datafield ind1="8" ind2=" " tag="024">
      <subfield code="a">http://hdl.handle.net/20.500.12328/3433</subfield>
   </datafield>
   <datafield ind1="8" ind2=" " tag="024">
      <subfield code="a">https://dx.doi.org/10.1093/jacamr/dlaa079</subfield>
   </datafield>
   <datafield tag="653" ind2=" " ind1=" ">
      <subfield code="a">Penicilina</subfield>
   </datafield>
   <datafield tag="653" ind2=" " ind1=" ">
      <subfield code="a">Carbapenem</subfield>
   </datafield>
   <datafield tag="653" ind2=" " ind1=" ">
      <subfield code="a">Cefalosporinas</subfield>
   </datafield>
   <datafield tag="653" ind2=" " ind1=" ">
      <subfield code="a">Adulto</subfield>
   </datafield>
   <datafield tag="653" ind2=" " ind1=" ">
      <subfield code="a">Quinolonas</subfield>
   </datafield>
   <datafield tag="653" ind2=" " ind1=" ">
      <subfield code="a">España</subfield>
   </datafield>
   <datafield tag="653" ind2=" " ind1=" ">
      <subfield code="a">Organización Mundial de la Salud</subfield>
   </datafield>
   <datafield tag="653" ind2=" " ind1=" ">
      <subfield code="a">Agentes antibacterianos</subfield>
   </datafield>
   <datafield tag="653" ind2=" " ind1=" ">
      <subfield code="a">Penicil·lina</subfield>
   </datafield>
   <datafield tag="653" ind2=" " ind1=" ">
      <subfield code="a">Carbapenem</subfield>
   </datafield>
   <datafield tag="653" ind2=" " ind1=" ">
      <subfield code="a">Cefalosporines</subfield>
   </datafield>
   <datafield tag="653" ind2=" " ind1=" ">
      <subfield code="a">Quinolones</subfield>
   </datafield>
   <datafield tag="653" ind2=" " ind1=" ">
      <subfield code="a">Adultes</subfield>
   </datafield>
   <datafield tag="653" ind2=" " ind1=" ">
      <subfield code="a">Espanya</subfield>
   </datafield>
   <datafield tag="653" ind2=" " ind1=" ">
      <subfield code="a">Organització Mundial de la Salut</subfield>
   </datafield>
   <datafield tag="653" ind2=" " ind1=" ">
      <subfield code="a">Agents antibacterians</subfield>
   </datafield>
   <datafield tag="653" ind2=" " ind1=" ">
      <subfield code="a">Penicillin</subfield>
   </datafield>
   <datafield tag="653" ind2=" " ind1=" ">
      <subfield code="a">Carbapenem</subfield>
   </datafield>
   <datafield tag="653" ind2=" " ind1=" ">
      <subfield code="a">Cephalosporins</subfield>
   </datafield>
   <datafield tag="653" ind2=" " ind1=" ">
      <subfield code="a">Adult</subfield>
   </datafield>
   <datafield tag="653" ind2=" " ind1=" ">
      <subfield code="a">Quinolones</subfield>
   </datafield>
   <datafield tag="653" ind2=" " ind1=" ">
      <subfield code="a">Spain</subfield>
   </datafield>
   <datafield tag="653" ind2=" " ind1=" ">
      <subfield code="a">World Health Organization</subfield>
   </datafield>
   <datafield tag="653" ind2=" " ind1=" ">
      <subfield code="a">Anti-bacterial agents</subfield>
   </datafield>
   <datafield ind2="0" ind1="0" tag="245">
      <subfield code="a">Impact of changes in the WHO’s 2019 update of DDDs on the measurement of adult hospital antibacterial consumption in Catalonia (Spain), 2008–18</subfield>
   </datafield>
</record></metadata></record></GetRecord></OAI-PMH>